| 000 | 01088nam a2200301Ia 4500 | ||
|---|---|---|---|
| 005 | 20220316235308.0 | ||
| 008 | 121119s1996 sp a jr 001 0 spa | ||
| 020 | _a8427249667 | ||
| 041 | 1 | _aspa | |
| 082 | 0 | 4 |
_a796.42 _bJ11J |
| 100 | 1 | _aJackson, Colin, | |
| 245 | 1 | 0 |
_aJóvenes atletas _buna guía para ser un buen atleta _cColin Jackson ; fotografía John Garrett ; traducción Ma. Angeles Cabré |
| 250 | _aPrimera edición | ||
| 264 | 1 |
_aBarcelona _bMolinos _c1996 |
|
| 300 |
_a32 páginas _bilustraciones _c29 cm. |
||
| 336 |
_atexto _btxt _2rdacontent |
||
| 337 |
_asin mediación _bn _2rdamedia |
||
| 338 |
_avolumen _bnc _2rdacarrier |
||
| 490 | 0 | _aJóvenes activos | |
| 500 | _aIncluye índice ; Subtitulo tomado de la caratula. | ||
| 650 | 1 | 4 |
_2LEMB _aAtletismo _xEstrategia y técnicas |
| 650 | 1 | 4 |
_2LEMB _aEntrenamiento atlético _xEnseñanza _vAtletismo |
| 650 | 1 | 4 |
_2LEMB _aSalto _xEnseñanza _vAtletismo |
| 700 | 1 |
_aGarrett, John _9117401 |
|
| 700 | 1 |
_aCabré, María de los Ángeles _etraductor _9117402 |
|
| 942 |
_2ddc _cBK |
||
| 040 |
_aCO-BoRNBP _bspa _erda _cCO-BoRNBP |
||
| 999 |
_c524 _d524 |
||